El autogobierno (Registro nro. 143248)

Detalles MARC
000 -CABECERA
campo de control de longitud fija 01016nam a2200241Ia 4500
001 - NÚMERO DE CONTROL
campo de control 143248
003 - IDENTIFICADOR DEL NÚMERO DE CONTROL
campo de control 235934
005 - FECHA Y HORA DE LA ÚLTIMA TRANSACCIÓN
campo de control 20241224090009.0
008 - DATOS DE LONGITUD FIJA--INFORMACIÓN GENERAL
campo de control de longitud fija ||||||n9999 ||| || ||
082 ## - NÚMERO DE LA CLASIFICACIÓN DECIMAL DEWEY
Número de clasificación 362.7
100 ## - ENTRADA PRINCIPAL--NOMBRE DE PERSONA
Nombre de persona Paramo Cadena, Rosa Alejandra
9 (RLIN) 175289
245 #0 - MENCIÓN DE TÍTULO
Título El autogobierno
Resto del título un mecanismo de participación y transformación en el Instituto Distrital para la Protección de la Niñez y la Juventud - IDIPRON
504 ## - NOTA DE BIBLIOGRAFÍA, ETC.
Nota de bibliografía, etc. Incluye bibliografía.
562 ## - NOTA DE IDENTIFICACIÓN DE LA COPIA Y VERSIÓN
Número de copias 1
650 #0 - PUNTO DE ACCESO ADICIONAL DE MATERIA--TÉRMINO DE MATERIA
Término de materia o nombre geográfico como elemento de entrada Bienestar infantil
9 (RLIN) 38010
650 ## - PUNTO DE ACCESO ADICIONAL DE MATERIA--TÉRMINO DE MATERIA
Término de materia o nombre geográfico como elemento de entrada ESPECIALIZACIÓN EN GERENCIA SOCIAL--TESIS Y DISERTACIONES ACADÉMICAS
9 (RLIN) 24038
650 ## - PUNTO DE ACCESO ADICIONAL DE MATERIA--TÉRMINO DE MATERIA
Término de materia o nombre geográfico como elemento de entrada JUVENTUD--CONDICIONES SOCIALES--BOGOTÁ (COLOMBIA)
9 (RLIN) 175291
650 ## - PUNTO DE ACCESO ADICIONAL DE MATERIA--TÉRMINO DE MATERIA
Término de materia o nombre geográfico como elemento de entrada NIÑOS DE LA CALLE--ASISTENCIA SOCIAL--BOGOTÁ (COLOMBIA)
9 (RLIN) 175292
650 ## - PUNTO DE ACCESO ADICIONAL DE MATERIA--TÉRMINO DE MATERIA
Término de materia o nombre geográfico como elemento de entrada NIÑOS DE LA CALLE--ASPECTOS SOCIALES--BOGOTÁ (COLOMBIA)
9 (RLIN) 175293
650 ## - PUNTO DE ACCESO ADICIONAL DE MATERIA--TÉRMINO DE MATERIA
Término de materia o nombre geográfico como elemento de entrada NIÑOS INDIGENTES--BOGOTÁ (COLOMBIA)--PROGRAMAS
9 (RLIN) 175294
650 ## - PUNTO DE ACCESO ADICIONAL DE MATERIA--TÉRMINO DE MATERIA
Término de materia o nombre geográfico como elemento de entrada TRABAJO SOCIAL CON NIÑOS--BOGOTÁ (COLOMBIA)
9 (RLIN) 175295
942 ## - ELEMENTOS DE PUNTO DE ACCESO ADICIONAL (KOHA)
Tipo de ítem Koha Tesis
Existencias
Estado de retiro Estado de pérdida Fuente del sistema de clasificación o colocación Estado dañado No para préstamo Código de colección Localización permanente Ubicación/localización actual Fecha de adquisición Coste, precio normal de compra Signatura topográfica completa Código de barras Número de copia Tipo de ítem Koha
    Dewey Decimal Classification     Trabajos de Grado Bogotá - Sede Central Bogotá - Sede Central 26/01/2022 0.00 BOG184 2014 128413 1 Tesis